| 000 | 00601nam a2200205 a 4500 | ||
|---|---|---|---|
| 999 |
_c898 _d898 |
||
| 003 | BD-JhCC | ||
| 005 | 20171011115038.0 | ||
| 008 | 171011s2006 bg |||| ||a| 000 0 ben d | ||
| 035 | _a(BD-JhCC) | ||
| 040 |
_aBD-JhCC _dBD-JhCC |
||
| 041 | _aben | ||
| 082 |
_a891.443 _bBUG 2006. |
||
| 100 | _aবেগম, খুরশীদা | ||
| 245 |
_aনীলিমায় কৃষ্ণচূড়া / _cখুরশীদা বেগম |
||
| 260 |
_a _bখুরশীদা বেগম, _c2006. |
||
| 300 |
_a160 p. : _c22 cm. |
||
| 650 | _aBengali Novel | ||
| 942 |
_2ddc _cBK |
||